Branný systém ČSSR /

Hlavní autor: Jašek, Antonín, 1917-
Jazyk: Čeština
Vydáno: Brno : Univerzita J.E. Purkyně, 1975
Vydání: 1. vyd.
Témata:
Fyzický popis: 62, 17 s.
Knihy
Uloženo v:
LEADER 00860nam a22002411a 4500
001 000716197
003 CZ BrMZK
005 20040517083630.0
008 040517s1975 xr f cze d
015 |a cnb000497872 
035 |a (OCoLC)85368552 
040 |a BOA001  |b cze  |c BOA001 
100 1 |a Jašek, Antonín,  |d 1917-  |7 jk01051319  |4 aut 
245 1 0 |a Branný systém ČSSR /  |c Antonín Jašek. Díl 2 
250 |a 1. vyd. 
260 |a Brno :  |b Univerzita J.E. Purkyně,  |c 1975 
300 |a 62, 17 s. 
500 |a Ofset 
910 |a BOA001  |b PK-N-0016.603,2 
964 |a ČSSR - obrana státu - systémy - učebnice - školy vysoké 
990 |a BK 
996 6 |b BC-146548  |c PK-N-0016.603,2  |l MZK  |r Sklad / do 1 hodiny  |n 0  |w 000716197  |u 000010  |a 1  |e BOA001  |j MZK50  |s P 
996 6 |b BC-146549  |c PK-N-0016.603,2  |l MZK  |r Sklad / do 1 hodiny  |n 0  |w 000716197  |u 000020  |a 1  |e BOA001  |j MZK50  |s P